Szczegóły MARC21

Nieruchomości : ujednolicone przepisy /

005 -DATA I CZAS OSTATNIEJ MODYFIKACJI [,]
    • @
    • pole kontrolne
    • 20220304151007.0
020 -Międzynarod. znormalizowany nr książki - ISBN [ , ]
    • a
    • Numer ISBN
    • 9788365467980 Find
040 -Instytucja sporządzająca opis [ , ]
    • c
    • Instytucja, która sporządziła rekord (NP)
    • SZCZ U/KLR
    • a
    • Instytucja, która sporządziła opis (NP)
    • SZCZ U/KP
    • b
    • Język katalogowania
    • pol
    • e
    • Zasady katalogowania
    • rda
041 -Język dokumentu [ , ]
    • a
    • Język tekstu (P)
    • polski
942 -Rodzaj dokumentu [ , ]
    • c
    • Rodzaj dokumentu
    • Książka
245 -Strefa tytułu i oznaczenia odpowiedzialności [ , ]
    • a
    • Tytuł
    • Nieruchomości : Find
    • c
    • Pozostałe elementy strefy tytułu i oznaczenia odpowiedzialności (NP)
    • redakcja Wydawnictwo Legis.
    • b
    • Ciąg dalszy tytułu (NP)
    • ujednolicone przepisy / Find
250 -Strefa wydania [ , ]
    • a
    • Oznaczenie wydania (NP)
    • Stan prawny 15 marca 2021.
260 -Strefa adresu wydawniczego [ , ]
    • c
    • Data wydania (P)
    • 2021.
    • a
    • Miejsce wydania (P)
    • Warszawa :
    • b
    • Nazwa wydawcy (P)
    • Wydawnictwo Legis,
300 -Strefa opisu fizycznego [ , ]
    • a
    • Określenie formy książki i/lub objętość (NP)
    • 440 stron ;
    • c
    • Format (NP)
    • 29 cm.
336 -Typ zawartości [ , ]
    • 2
    • Źródło (terminu i kodu)
    • rdacontent
    • a
    • Termin opisujący typ zawartości
    • Tekst
    • b
    • Kod określający zawartość
    • txt
337 -Typ mediów [ , ]
    • 2
    • Źródło (terminu i kodu)
    • rdacarrier
    • a
    • Tryb odtwarzania
    • Bez urządzenia pośredniczącego
    • b
    • Kod typu mediów
    • n
338 -Typ/rodzaj nośnika [ , ]
    • 2
    • Źródło (terminu i kodu)
    • rdacarrier
    • a
    • Hasło opisujące typ nośnika
    • Wolumin
    • b
    • Kod typu nośnika
    • nc
500 -Uwaga ogólna [ , ]
    • a
    • Uwaga ogólna (NP)
    • Na okładce: 1. Prawo cywilne i administracyjne; 2. Gospodarka nieruchomościami; 3. Planowanie i zagospodarowanie przestrzenne; 4. Geodezja i kartografia; 5. Lokale (najem, własność); 6. Dodatki, dopłaty, finansowanie; 7. Prawo spółdzielcze; 8. Podatki.
500 -Uwaga ogólna [ , ]
    • a
    • Uwaga ogólna (NP)
    • Na okładce: Ujednolicone przepisy.
650 -Hasło przedmiotowe [ , ]
    • 9
    • KHW
    • 380987
    • a
    • Hasło przedmiotowe
    • Nieruchomości
    • v
    • Określnik formalny
    • legislacja.
    • x
    • Określnik rzeczowy
    • zarządzanie
    • z
    • Określnik geograficzny
    • Polska
710 -Hasło dodatkowe - nazwa ciała zbiorowego [1, ]
    • 4
    • Kod relacji
    • pbl
    • 9
    • KHW
    • 68847
    • a
    • Nazwa ciała zbiorowego lub nazwa geograficzna jako pierwszy element (NP)
    • Wydawnictwo Legis.
    • e
    • Rodzaj współpracy
    • Wydawca
920 -ISBN [ , ]
    • a
    • ISBN
    • 978-83-65467-98-0 Find
Status udost. Numer inwentarzowy Lokalizacja Data inwentaryzacji
-2E.80516BE2021-10-15
-2S.97487BE2021-10-15